LEADER 00788nam a2200205 i 4500 001 000000182514 003 CaOOAMICUS 005 20091026000000.0 008 091026s1931 it u000 u ita u 013 $a160469 040 $aSeMil$bita 100 1 $aBascapè, Carla.$0(OLS)http://semarc/name/67247 245 12$aI Barnabiti e la Controriforma in Lombardia /$cCarla Bascapè. 260 $aMilano :$bLiber,$c1931. 300 $a176 p., [8] p. di tav. ;$c16 cm. 650 4$aBarnabiti.$0(OLS)http://semarc/subject/5154 850 $aSeMil 852 $aSeMil$W1$xVenegono$y1$m3D I 113$j133218$B133218$CSeMilBibl$Z2$F144997 $81 996 $6245$aI Barnabiti e la Controriforma in Lombardia$9(OLS)http://semarc/title/261857 996 $6260$aMilano :$bLiber$9(OLS)http://semarc/publisher/36037 LEADER 01354nam a2200313 i 4500 001 000000078532 003 CaOOAMICUS 005 20151124000000.0 008 151124s2003 it u000 u ita u 013 $a50769 020 $a88-8212-418-5 040 $aSeMil$bita 100 1 $aCristini, Giovanni.$0(OLS)http://semarc/name/8758 245 10$aTutte le poesie :$bcon testi inediti /$cGiovanni Cristini ; a cura di Annamaria Vaccari ; presentazione di Enzo Noé Girardi. 260 $aNovara :$bInterlinea,$c2003. 300 $a336 p. ;$c16 cm. 490 0 $aLyra 500 $aContiene : Notizia biobibliografica sull'autore. 650 4$aPoesia italiana - Sec. 20. - Testi.$0(OLS)http://semarc/subject/1280 650 4$aPoesia religiosa - Testi.$0(OLS)http://semarc/subject/992 700 1 $aNoè Girardi, Enzo.$0(OLS)http://semarc/name/38367 700 1 $aVaccari, Annamaria.$0(OLS)http://semarc/name/38366 830 0$aLyra.$0(OLS)http://semarc/title/11426 850 $aSeMil 852 $aSeMil$W1$xVenegono$y1$m1A I 88$j44441$B44441$CSeMilBibl$Z2$F46128 $81 961 $aOmaggio: Martinelli don Romano 996 $6020$a88-8212-418-5$9(OLS)http://semarc/number/60200 996 $6245$aTutte le poesie :$bcon testi inediti$9(OLS)http://semarc/title/126850 996 $6260$aNovara :$bInterlinea$9(OLS)http://semarc/publisher/31908